01357pam a2200241 a 4500001000800000005001700008008004100025020001500066040001800081050001200099245014000111260004400251300002500295500002600320504005400346505051300400650004200913651003700955651003900992700002001031700003001051700003401081110517720210414113929.0930322s1993 dcu b 000 0 eng  a082132425X aDLCcDLCdDLC00aHD75.U500aUnderstanding the social effects of policy reform /ceditors Lionel Demery, Marco Ferroni, Christiaan Grootaert, with Jorge Wong-Valle. aWashington, D.C. :bWorld Bank,cc1993. avi, 223 p. ;c28 cm. a"A World Bank study." aIncludes bibliographical references (p. 212-223). aContents: The Social dimensions of policy reform: concepts, data, analysis -- Analyzing the macroeconomic effects of structural adjustment -- Priority analysis -- The Poverty profile -- Employment and earnings -- Migration responses to adjustment -- Analyzing human resource effects: education -- Analyzing human resource effects: health -- Household food security and nutrition -- Effects of structural adjustment on fertility -- The Impact of adjustment on women -- Smallholders and structural adjustment.  0aEconomic developmentxSocial aspects. 0aAfricaxSocial conditionsy1960- 0aAfricaxEconomic conditionsy1960-1 aDemery, Lionel.1 aFerroni, Marco A.,d1948-1 aGrootaert, Christiaan,d1950-